Quiz/2025/Aug,11-13//#Language - Statistics

General Stats
  • This quiz has been taken 6 times
  • The average score is 6 of 10
Answer Stats
Question Answer % Correct
Which is written in Estonian? Saksa Demokraatlik Vabariik (lühend SDV; saksa keeles Deutsche Demokratische Republik, lühend DDR)
100%
Which is written in German? Die Sowjetunion war ein von der Kommunistischen Partei der Sowjetunion zentralistisch regierter, föderativer Vielvölker- und Einparteienstaat
80%
Which is written in Dutch? Een, twee, drie
80%
Which is written in Latin? Polonia (Polonice Polska), publice Res publica Polonica (Rzeczpospolita Polska), est civitas sui iuris in Europa Media sita
80%
Which is written in German? Russisch, Aserbaidschanisch, Estnisch, Georgisch, Kasachisch, Kirgisisch, Lettisch, Litauisch, Moldauisch (Rumänisch), Tadschikisch, Turkmenisch, Ukrainisch, Usbekisch und Belarussisch
80%
Which is written in Latin? Tu medicus es et ego magister/magistra sum
60%
Which is written in Esperanto? Belorusio aŭ Belorusujo (aŭ foje Belarusio; beloruse kaj ruse: Беларусь, /bʲɛlaˈrusʲ/ Pri tiu ĉi sono aŭskulti) oficiale la Respubliko Belorusio aŭ Respubliko Belorusujo, estas lando sen maraliro en Orienta Eŭropo
40%
Which is written in Esperanto? Ĉu tio estas tablo?
40%
Which is written in Esperanto? Kokaino estas kristala alkaloido eltirita el folioj de la kokao-planto
40%
Which is written in Esperanto? Unu, du, tri, kvar, kvin
40%
No matching quizzes found
Score Distribution
Percent of People with Each Score
Percentile by Number Answered
Your Score History
You have not taken this quiz